Genshin Impact Region Names Before V4.4 - Statistics

General Stats
  • This quiz has been taken 400 times
  • The average score is 16 of 40
Answers on the Map
Answers color-coded by a green-red scale on the quiz's map according to % correct below.
 
Answer Stats
Answer % Correct
Watatsumi Island
65%
Tsurumi Island
61%
Dragonspine
59%
Chenyu Vale: Southern Mountain
57%
Chenyu Vale: Upper Vale
56%
Court of Fontaine Region
56%
Fontaine Research Institute of Kinetic Energy Engineering Region
56%
Narukami Island
55%
Seirai Island
55%
Yashiori Island
52%
The Chasm
51%
Starfell Valley
47%
Vanarana
47%
Brightcrown Mountains
44%
Sea of Clouds
44%
Windwail Highland
44%
Lost Nursery
42%
Erinnyes Forest
41%
Kannazuka
41%
Desert of Hadramaveth
39%
Hypostyle Desert
38%
Bishui Plain
37%
Galesong Hill
37%
Liffey Region
36%
Morte Region
36%
Belleau Region
35%
Land of Upper Setekh
34%
Lokapala Jungle
34%
Minlin
34%
Mt. Laixin
34%
Beryl Region
33%
Land of Lower Setekh
33%
Avidya Forest
31%
Lisha
31%
Realm of Farakhkert
30%
Gavireh Lajavard
28%
Qiongji Estuary
24%
Ardravi Valley
22%
Ashavan Realm
21%
Vissudha Field
20%
No matching quizzes found
Score Distribution
Percent of People with Each Score
Percentile by Number Answered
Your Score History
You have not taken this quiz